Normal view
MARC view
- Dr. Adnan Khalid Kiant.
Entry Personal Name
001 - CONTROL NUMBER
- control field: 23103
003 - CONTROL NUMBER IDENTIFIER
- control field: NUST
005 - DATE AND TIME OF LATEST TRANSACTION
- control field: 20191008113656.0
008 - FIXED-LENGTH DATA ELEMENTS
- fixed length control field: 191008|| aca||aabn | a|a d
040 ## - CATALOGING SOURCE
- Original cataloging agency: NUST
- Transcribing agency: NUST
100 ## - HEADING--PERSONAL NAME
- Personal name: Dr. Adnan Khalid Kiant.
670 ## - SOURCE DATA FOUND
- Source citation: Work cat.: (NUST): Ahmed, Basharat 23102, Performance Evaluation of Multipath TCP using Application Layer Multicasting (ALM) in Wireless Scenarios /, 2016.
